| 000 | 02144cam a2200397 i 4500 | ||
|---|---|---|---|
| 001 | ocn1528038596 | ||
| 003 | EG-ScBUE | ||
| 005 | 20260505100030.0 | ||
| 008 | 250612s2025 enka f b 001 0 eng d | ||
| 020 | _a9780500204689 | ||
| 035 | _a(OCoLC)ocn1528038596 | ||
| 040 |
_aUKMGB _beng _erda _cUKMGB _dOCLCO _dYDX _dOCLCO _dGRU _dIND _dBTS _dEG-ScBUE |
||
| 082 | 0 | 4 |
_a709.040755 _222 _bGOL |
| 100 | 1 |
_aGoldberg, RoseLee, _eauthor. |
|
| 245 | 1 | 0 |
_aPerformance art : _bfrom futurism to the present / _cRoseLee Goldberg. |
| 250 | _aFourth edition. | ||
| 264 | 1 |
_aLondon : _bThames and Hudson, _c2025. |
|
| 300 |
_a383 pages : _billustrations (some colour) ; _c21 cm. |
||
| 336 |
_atext _btxt _2rdacontent |
||
| 336 |
_astill image _bsti _2rdacontent |
||
| 337 |
_aunmediated _bn _2rdamedia |
||
| 338 |
_avolume _bnc _2rdacarrier |
||
| 340 | _2rdacc | ||
| 340 | _2rdaill | ||
| 490 | 0 | _aWorld of art | |
| 500 | _aPrevious edition: 2011. | ||
| 500 | _a"First published in 1988"--title page verso. | ||
| 504 | _aIncludes bibliographical references and index. | ||
| 505 | 0 | _aFuturism -- Russian Futurism and Constructivism -- Dada -- Surrealism -- Bauhaus -- Living Art c. 1933 to the 1970s -- The Art of Ideas and the Media Generation 1968 to 2000 -- The First Decade of the New Century 2001 to 2010: Global Performance -- The Second Decade 2011 to 2022: New Dimensions, New Technologies | |
| 520 | _a"Performance Art is a pioneering history of one of the most important art forms to emerge in modern times. Now in its fourth edition, it has been completely updated to reflect on performance in an age where digital technologies are increasingly dominant, and where live art stands out as an antidote to the overwhelming effects of our media world. Renowned art historian and curator RoseLee Goldberg explains the worldwide phenomenon of performance art, and outlines developments in the medium through to the second decade of the twenty-first century"--From page [4] of cover. | ||
| 650 | 7 |
_aPerformance art. _2BUEsh |
|
| 650 | 7 |
_aPerformance art _xHistory. _2BUEsh |
|
| 653 |
_cMay2026 _bART |
||
| 655 | _vReading book | ||
| 942 |
_2ddc _cBB |
||
| 999 |
_c31196 _d31167 |
||